000 00837cam a2200229 4500
001 ABS67093
008 030930n2003 000 0 eng u
035 _a(Sirsi) u123783
100 _aTinworth, A.
245 _aVisions from on high
260 _c2003
490 _aEstates Gazette
_v(0339) 27 September 2003, 106-107(2)
520 _aDiscusses the creation of NEXTMap Britain, an accurate 3D picture of most of Great Britain, created using radar mapping technology combined with photographic maps. Considers various uses for the map and looks at some of it's limitations. Article lists suppliers and formats of the product.
590 _aABS
650 _aMAPPING
650 _aRADAR
650 _aNEXTMAP BRITAIN
650 _aDIGITAL MAPPING
650 _aGIS
690 _aMAPPING AND MEASUREMENT-GIS
942 _n0
999 _c73506
_d73506